Osobistości niepodległości Polski - Statystyki

Ogólne statystyki
  • Ten quiz został rozwiązany 59 razy
  • Średni wynik to 9 z 15
Statystyki odpowiedzi
Obrazkowy Odpowiedź % Poprawnych
Józef Piłsudski
96%
Roman Dmowski
96%
Ignacy Jan Paderewski
90%
Maria Skłodowska-Curie
86%
Józef Haller
68%
Gabriel Narutowicz
66%
Wincenty Witos
66%
Henryk Sienkiewicz
64%
Maria Konopnicka
60%
Edward Rydz-Śmigły
58%
Władysław Sikorski
54%
Wojciech Korfanty
44%
Woodrow Wilson
42%
Ignacy Daszyński
38%
Kazimierz Sosnkowski
8%
Nie znaleziono quizów pasujących do podanych kryteriów
Rozkład punktacji
Procent ludzi z każdym wynikiem
Percentyl według liczby udzielonych odpowiedzi
Twoja historia wyników
Nie rozwiązałeś tego quizu